000 00485nam a2200169Ia 4500
008 090711s9999 xx 000 0 und d
082 _b37932
100 _aशेंडे ना. रा.
245 _aकाजळी रात्र
260 _c1978
300 _a180+32
600 _aशेंडे ना. रा.
630 _aकाजळी रात्र
700 _aशेंडे ना. रा.
730 _aकाजळी रात्र
942 _cBOOK
999 _c288038
_d288038